000
00373nam a22001217a 4500
040
_c
HS
082
_a
179
100
_a
ហេហ្វីកកម្ពុជា
245
_a
មគ្គុទ្ទេសក៍អំពីសុខុមាលភាពសត្វ
260
_a
Cambodia
_b
ហេហ្វីកកម្ពុជា
_c
2009
300
_a
16p;
942
_c
KB
999
_c
9875
_d
9875